Cấu tạo kiến trúc nhà dân dụng /

Sơ lược chức năng các bộ phận của nhà và sơ đồ kết cấu chịu lực của nhà dân dụng: Các bộ phận chủ yếu của nhà dân dụng; Các kiểu kết cấu chịu lực thông dụng. Nền và móng. Tường: Khái niệm; Cấu tạo tường gạch; Tường lắp ghép. Cấu tạo khung và vách nhẹ; Cấu tạo sàn và mặt sàn. Cầu thang: Nhiệm vụ yêu...

Descripció completa

Guardat en:
Dades bibliogràfiques
Autor principal: Nguyễn Đức Thiềm, GS.TS.
Altres autors: Trần Bút, PGS.TS., Nguyễn Mạnh Thu, GS.TS.
Format: Llibre
Idioma:Vietnamese
Publicat: Hà Nội : Khoa học và kỹ thuật, 2005.
Matèries:
Etiquetes: Afegir etiqueta
Sense etiquetes, Sigues el primer a etiquetar aquest registre!
Thư viện lưu trữ: Mạng thư viện Đại học Đà Nẵng
LEADER 02898cam a2200421 a 4500
001 000043699
003 1742
005 20221207162508.0
008 010217b2005 vm 000 vie
020 |c 44000 
040 |a LIRC  |c LIRC  |d LIRC 
041 0 |a vie 
082 1 4 |a 728  |b NG-T 
100 1 |a Nguyễn Đức Thiềm,  |c GS.TS. 
245 1 0 |a Cấu tạo kiến trúc nhà dân dụng /  |c Nguyễn Đức Thiềm (chủ biên), Nguyễn Mạnh Thu, Trần Bút. 
260 |a Hà Nội :  |b Khoa học và kỹ thuật,  |c 2005. 
300 |a 291 tr. :  |b mh. ;  |c 27 cm. 
500 |a Giáo trình dùng cho sinh viên ngành kiến trúc, xây dựng. 
520 3 |a Sơ lược chức năng các bộ phận của nhà và sơ đồ kết cấu chịu lực của nhà dân dụng: Các bộ phận chủ yếu của nhà dân dụng; Các kiểu kết cấu chịu lực thông dụng. Nền và móng. Tường: Khái niệm; Cấu tạo tường gạch; Tường lắp ghép. Cấu tạo khung và vách nhẹ; Cấu tạo sàn và mặt sàn. Cầu thang: Nhiệm vụ yêu cầu và phân loại; Các bộ phận của cầu thang, sơ đồ kết cấu; Cấu tạo cầu thang bê tông cốt thép; lan can và tay vịn cầu thang; Cấu tạo mặt bậc thang. Mái nhà: Những khái niệm cơ bản; Cấu tạo mái dốc; Cấu tạo mái bằng, Trần treo và lớp cách nhiệt. Cửa sổ và cửa đi. Cấu tạo nhà đơn giản. Cách đánh giá kinh tế kỹ thuật các giải pháp kết cấu xây dựng của nhà dân dụng. 
630 0 4 |a Kiến trúc. 
650 0 4 |a Nhà ở  |x Kiến trúc. 
650 0 4 |a Kiến trúc dân sự. 
700 1 |a Trần Bút,  |c PGS.TS. 
700 1 |a Nguyễn Mạnh Thu,  |c GS.TS. 
OWN |a DUT 
AVA |a UDN50  |b DUT  |c Book  |d 728 NG-T  |e check_holdings  |t Error 5003 Not defined in file expand_doc_bib_avail.  |h N  |j SH  |k 1 
Z40 3 |y Cấu tạo kiến trúc nhà dân dụng  |l Library of DUT  |t VIEW  |x http://catalog.udn.vn:80/F?func=service&doc_library=UDN01&local_base=UDN01&doc_number=000043699&sequence=000001&line_number=0001&func_code=DB_RECORDS&service_type=MEDIA  |f 4.SA.43699.CTAOKTNHADD_000020373.pdf  |e pdf  |s 086569799  |k 20221207  |m VTTHUONG 
999 |a From the UDN01 
AVA |a UDN50  |b DUT  |c Book  |d 728 NG-T  |e available  |t Error 5001 Not defined in file expand_doc_bib_avail.  |f 96  |g 5  |h N  |i 43  |j SH  |k 1 
TYP |a Monograph 
TYP |a Printed language 
856 |y Cấu tạo kiến trúc nhà dân dụng  |l Library of DUT  |t VIEW  |x http://catalog.udn.vn:80/F?func=service&doc_library=UDN01&local_base=UDN01&doc_number=000043699&sequence=000001&line_number=0001&func_code=DB_RECORDS&service_type=MEDIA  |f 4.SA.43699.CTAOKTNHADD_000020373.pdf  |e pdf  |s 086569799  |k 20221207  |m VTTHUONG 
980 |a Mạng thư viện Đại học Đà Nẵng